000 00441nam a2200169Ia 4500
001 26558
003 IN-NITTTR
005 20251114233333.0
008 251113s9999||||xx |||||||||||||| ||eng||
040 _beng
040 _cIN-NITTTR
041 _aeng
082 _a670.4275 G89A
100 _aGroover, Mikell P.
245 0 _aAutomation, production systems, and computer integrated manufacturing /
_cGroover, Mikell P.
942 _2ddc
_cBK
999 _c29187
_d29187